000 00714nab a2200241 a 4500
001 71317
003 145358
005 20201118110923.0
008 ||||||n9999 ||| || ||
041 _aspa
100 _aMarti Ramos, Jose Manuel
245 0 _aEstrategia, cultura, organizacion y recursos humanos en la Espana actual :
_bpp.113-120
260 _aEspaña :
_bAlta Direccion,
_c1991.
562 _e0
650 _aADMINISTRACIÓN DE PERSONAL
650 _aDESARROLLO DE PERSONAL
650 _aESPAÑA
650 _aESTRATEGIA EMPRESARIAL
650 _aESTRUCTURA ORGANIZACIONAL
650 _aGESTION DE RECURSOS HUMANOS
773 _039725
_aAlta Dirección - Vol.26 No.156
942 _cSART
999 _c71317
_d71317